000 00422nam a2200193Ia 4500
005 20251020182546.0
008 200515s9999 xx 000 0 und d
082 _a747:728.71/G84D/1
110 _aAtrium
245 0 _aTeoría y principios básicos
260 _aBarcelona
260 _cs.a.
300 _a117
500 _a1 ejemplar
650 _aDECORACION
650 _aLIB
650 _aTEORIA
942 _cLIB
999 _c2556
_d2556